[Event "Pescia op-A 4th"]
[Site "Pescia"]
[Date "2011.09.17"]
[Round "2"]
[White "Del Nevo, Claudio"]
[Black "Storelli, Max"]
[Result "1/2-1/2"]
[WhiteElo "1831"]
[BlackElo "1950"]
[PlyCount "95"]
[EventDate "2011.09.16"]
[EventType "swiss"]
[EventRounds "5"]
[EventCountry "ITA"]
[SourceTitle "EXT 2015"]
[Source "ChessBase"]
[SourceDate "2014.11.20"]
[SourceVersion "1"]
[SourceVersionDate "2014.11.20"]
[SourceQuality "1"]

1. d4 Nf6 2. Bg5 d5 3. Bxf6 exf6 4. Nf3 Bd6 5. c3 0-0 6. e3 c6 7. Bd3 Bg4 8. Qc2 g6 9. Nbd2 Re8 10. 0-0-0 a5 11. h3 Be6 12. g4 Nd7 13. Rdg1 c5 14. h4 c4 15. Bf5 b5 16. Bxe6 Rxe6 17. g5 f5 18. h5 b4 19. hxg6 fxg6 20. Rh6 bxc3 21. bxc3 a4 22. Rgh1 Nf8 23. Nh4 Qxg5 24. Nhf3 Qf6 25. Rg1 f4 26. e4 dxe4 27. Nxe4 Ba3+ 28. Kd1 Qf5 29. Ne5 Rxe5 30. dxe5 Rd8+ 31. Ke2 f3+ 32. Kf1 Qxe5 33. Rg5 Qe6 34. Ng3 Re8 35. Qd2 Bd6 36. Qd5 Bf4 37. Ne4 Bxg5 38. Qxe6+ Nxe6 39. Rh3 Rf8 40. Nd6 Bd2 41. Ne4 Ng5 42. Rh4 Nxe4 43. Rxe4 Bxc3 44. Rxc4 Rd8 45. Kg1 Rd1+ 46. Kh2 Be5+ 47. Kh3 Rd4 48. a3 1/2-1/2